[Event "GER-chT U12"]
[Site "Verden an der Aller"]
[Date "2007.12.30"]
[Round "7.4"]
[White "Roepke, Markus"]
[Black "Schmuecker, Felix"]
[Result "1/2-1/2"]
[WhiteElo "1138"]
[BlackElo "1077"]
[PlyCount "74"]
[EventDate "2007.12.27"]
[EventType "team-swiss"]
[EventRounds "7"]
[EventCountry "GER"]
[SourceTitle "EXT 2009"]
[Source "ChessBase"]
[SourceDate "2008.11.26"]
[SourceVersion "1"]
[SourceVersionDate "2008.11.26"]
[SourceQuality "1"]
[WhiteTeam "Bautzen Einheit U12"]
[BlackTeam "Leipzig BSG Chemie U12"]
[WhiteTeamCountry "GER"]
[BlackTeamCountry "GER"]

1. e4 d5 2. exd5 Nf6 3. Nc3 Nxd5 4. Bc4 Nb6 5. Bb3 Nc6 6. Qf3 e6 7. Nge2 Bc5 8. 0-0 0-0 9. d3 Bd7 10. Qg4 e5 11. Qg3 Qf6 12. Be3 Nd4 13. Nxd4 exd4 14. Ne4 Qc6 15. Nxc5 dxe3 16. Qxe3 Rfe8 17. Qd4 Rad8 18. Rfe1 Rf8 19. Re7 Be6 20. Qc3 Bxb3 21. Nxb3 Qxc3 22. bxc3 Nd5 23. Re5 Nxc3 24. Rc5 Nd5 25. c4 Nb4 26. Rxc7 Rxd3 27. Nc5 Rd2 28. a3 Nc2 29. Ne4 Nxa1 30. Nxd2 Rb8 31. g3 g6 32. a4 a6 33. Ne4 b5 34. cxb5 axb5 35. axb5 Rxb5 36. Nd6 Rb1+ 37. Kg2 f5 1/2-1/2

[Event "GER-chT U12"]
[Site "Verden an der Aller"]
[Date "2007.12.29"]
[Round "5.4"]
[White "Roepke, Markus"]
[Black "Priesmann, Dominik"]
[Result "0-1"]
[WhiteElo "1138"]
[BlackElo "796"]
[PlyCount "98"]
[EventDate "2007.12.27"]
[EventType "team-swiss"]
[EventRounds "7"]
[EventCountry "GER"]
[SourceTitle "EXT 2009"]
[Source "ChessBase"]
[SourceDate "2008.11.26"]
[SourceVersion "1"]
[SourceVersionDate "2008.11.26"]
[SourceQuality "1"]
[WhiteTeam "Bautzen Einheit U12"]
[BlackTeam "Porz SG U12"]
[WhiteTeamCountry "GER"]
[BlackTeamCountry "GER"]

1. e4 e5 2. Nf3 Nc6 3. Bc4 Bc5 4. c3 d6 5. d4 Bb6 6. dxe5 Nxe5 7. Nxe5 dxe5 8. Qxd8+ Kxd8 9. Bxf7 Nf6 10. Bg5 Rf8 11. Bxf6+ gxf6 12. Bc4 f5 13. exf5 Bxf5 14. 0-0 c6 15. Nd2 e4 16. Rad1 Kc7 17. Nb3 Rad8 18. Rxd8 Rxd8 19. h3 e3 20. fxe3 Bxe3+ 21. Kh1 Bc2 22. Rf3 Bxb3 23. Bxb3 Bc1 24. Rf2 Rd2 25. Rf7+ Rd7 26. Rf2 Rd2 27. Rxd2 Bxd2 28. Bc2 h6 29. Kh2 Kd6 30. Kg3 Ke5 31. Kf3 b5 32. Be4 c5 33. Ke2 Bxc3 34. bxc3 Kxe4 35. g4 Kf4 36. Kf2 c4 37. a3 a6 38. Kg2 Ke3 39. h4 Kf4 40. Kh3 a5 41. h5 b4 42. axb4 axb4 43. cxb4 c3 44. b5 c2 45. b6 c1Q 46. b7 Qc3+ 47. Kh2 Qg3+ 48. Kh1 Kf3 49. b8Q Qg2# 0-1